000 00972cab a22001935a 4500
001 L156519
008 120531e20120526xxk 000 0 eng d
035 _a(Sirsi) u156519
041 0 _aeng
100 1 _aDixon, Graeme
245 0 0 _aLearning from the experts
260 _c2012
490 _aEstates Gazette
_v(1221) 26 May 2012, 89(1)
520 _aExamines expert determination, an alternative form of dispute resolution which is being increasingly turned to in a variety of real estate disputes. Explains the advantages of having an expert determination clause in a contractual agreement which include the resolution procedure being a relatively quick and effective method to decide on technical matters in comparison to court or arbitration proceedings. Disadvantages include the fact that a properly drafted clause will exclude the jurisdiction of the courts.
590 _aKA
651 4 _aUnited Kingdom
690 _aDispute resolution
_96236
942 _n0
999 _c84050
_d84050